000
002470000a22000970004500
100
1
_a
Little, Edmund
245
1
0
_a
The Lord of the rings and the christian faith
300
_a
Vol. 19, Núm 3 (2001), Páginas 82-85
773
0
_t
Evangel
942
_c
ANA
999
_c
54413
_d
54413